| 000 | 00436pab a2200157 454500 | ||
|---|---|---|---|
| 008 | 180718b1984 xxu||||| |||| 00| 0 eng d | ||
| 100 | _aVedlitz, Arnold | ||
| 245 |
_aBureaucratic response to citizen contacts _bNeighborhood demands and administrative reaction in Dallas |
||
| 260 | _c1984 | ||
| 300 | _a1207-16 | ||
| 362 | _aNov. | ||
| 650 | _aBureaucracy | ||
| 700 | _aJames A. Dyer | ||
| 773 | _aJournal of Politics | ||
| 909 | _a4972 | ||
| 999 |
_c4972 _d4972 |
||